| 000 | 00460nam a2200205Ia 4500 | ||
|---|---|---|---|
| 003 | 0100 | ||
| 008 | 130303s9999 xx 000 0 und d | ||
| 020 | _a9781842779767 | ||
| 040 | _cARRUPELIB | ||
| 050 | _aDT32.7.P67 2008 | ||
| 100 | _aPorteous, Tom | ||
| 245 | _aBritain in Africa | ||
| 260 | _aLondon | ||
| 260 | _bZed Books | ||
| 260 | _C2008 | ||
| 300 | _aix | ||
| 300 | _b 158p. 20cm. | ||
| 650 | _bExistentialism--History | ||
| 942 |
_2lcc _01 |
||
| 999 |
_c66532 _d66532 |
||